000 00594nam a2200193Ia 4500
003 GCL
008 140319s9999 xx 000 0 ara d
040 _aGCL /
_cGCL
082 0 4 _a811.9
_bز م
100 1 _aزكريا عبد الجواد
245 1 0 _aمالا تشتهى السفن /
_cزكريا عبد الجواد
260 _a[S.N] :
_bشركة كاظم للنشر والترجمة والتوزيع ،
_c1985
300 _a64 ص
490 _a
650 0 4 _aالشعر العربى
650 0 4 _aالادب العربى
650 0 4 _aدواوين وقصائد
942 _2ddc
_cBK
999 _c34645
_d34645